<?xml version="1.0" encoding="UTF-8"?>
<marc:record xmlns:marc="http://www.loc.gov/MARC21/slim">
   <marc:leader>00000nam a2200000 a 4500</marc:leader>
   <marc:datafield ind1="1" ind2=" " tag="100">
      <marc:subfield code="a">Schöberl, Rotraut</marc:subfield>
      <marc:subfield code="4">aut</marc:subfield>
      <marc:subfield code="e">Verfasser/-in</marc:subfield>
   </marc:datafield>
   <marc:datafield ind1="0" ind2="0" tag="245">
      <marc:subfield code="a">Radieschen von unten</marc:subfield>
   </marc:datafield>
   <marc:datafield ind1="0" ind2="0" tag="245">
      <marc:subfield code="b">Kriminell gute Gartenmorde</marc:subfield>
   </marc:datafield>
   <marc:datafield ind1=" " ind2="1" tag="264">
      <marc:subfield code="b">Residenz Verlag</marc:subfield>
      <marc:subfield code="c">2022</marc:subfield>
   </marc:datafield>
   <marc:datafield ind1="1" ind2=" " tag="520">
      <marc:subfield code="a">Rotraut Schöberl, engagierte Buchfrau und begeisterte Gärtnerin, verbindet ihre Leidenschaften gerne miteinander. Zwischen dem Schneiden ihrer Rosen, dem Gärtnereibesuch und dem genüsslichen Beobachten ihrer Pflanzen wird ihr klar: Ein Garten ist eigentlich der ideale Ort für einen Mord – und zahlreiche gartenaffine Autor*innen wie Alex Beer, Agatha Christie, Ann Granger, Tatjana Kruse, Thomas Raab, Eva Rossmann, sehen das genauso. Man muss ja nicht die bekannten Giftpflanzen verwenden, denn wer mordet heute noch mit Stechapfel oder Tollkirsche? Und auch der Gärtner ist heutzutage selten der Mörder – oder doch? Aber einen Tipp hat Rotraut Schöberl in „Radieschen von unten“: Wenn ihr eine Leiche zu verscharren habt, pflanzt geschützte Pflanzen darauf, dann darf dort niemand mehr graben… </marc:subfield>
   </marc:datafield>
   <marc:datafield ind1=" " ind2=" " tag="020">
      <marc:subfield code="a">9783701717545</marc:subfield>
      <marc:subfield code="9">9783701717545</marc:subfield>
   </marc:datafield>
</marc:record>
